High-voltage engineering (Record no. 11082)

000 -LEADER
fixed length control field 00567nam a2200217 4500
001 - CONTROL NUMBER
control field 11082
003 - CONTROL NUMBER IDENTIFIER
control field BD-DhUET
008 - FIXED-LENGTH DATA ELEMENTS--GENERAL INFORMATION
fixed length control field 700130s1970 enka b 001 0 eng
020 ## - INTERNATIONAL STANDARD BOOK NUMBER
International Standard Book Number 0080063837
040 ## - CATALOGING SOURCE
Original cataloging agency DLC
Transcribing agency DLC
Modifying agency BD-DhUET
082 00 - DEWEY DECIMAL CLASSIFICATION NUMBER
Classification number 623.14
Item number KUF/1970
100 1# - MAIN ENTRY--PERSONAL NAME
Personal name Kuffel, E.
245 10 - TITLE STATEMENT
Title High-voltage engineering
250 ## - EDITION STATEMENT
Edition statement 1st ed.
260 ## - PUBLICATION, DISTRIBUTION, ETC. (IMPRINT)
Place of publication, distribution, etc. Oxford
Name of publisher, distributor, etc. Pergamon Press
Date of publication, distribution, etc. 1970
300 ## - PHYSICAL DESCRIPTION
Extent x, 335 p.
Other physical details ill.
Dimensions 20 cm.
504 ## - BIBLIOGRAPHY, ETC. NOTE
Bibliography, etc Includes bibliographies
650 #0 - SUBJECT ADDED ENTRY--TOPICAL TERM
Topical term or geographic name as entry element High voltage : Generation: Electrial engg.
700 ## - ADDED ENTRY--PERSONAL NAME
Personal name M. Abdullah
942 ## - ADDED ENTRY ELEMENTS (KOHA)
Koha item type General Book
Holdings
Koha item type Koha date last seen Koha issues (times borrowed) Source of classification or shelving scheme Koha full call number Koha date last borrowed Withdrawn status Lost status Date acquired Piece designation (barcode) Shelving location Copy number Damaged status Koha normalized classification for sorting Not for loan Sublocation or collection (holding branch) Price effective from Location (home branch)
General Book2025-02-082 623.14/KUF/19702025-01-26  2015-02-1417330Circulation section1 623_140000000000000_KUF_1970 Central Library, BUET2015-02-14Central Library, BUET
Reading Item2015-06-25  623.14/KUF/1970   2015-06-2543772Reading section2 623_140000000000000_KUF_1970 Central Library, BUET2015-06-25Central Library, BUET
Reading Item2015-07-01  623.14/KUF/1970   2015-07-0117331Reading section3 623_140000000000000_KUF_1970 Central Library, BUET2015-07-01Central Library, BUET